000 00546ntaaa2200205 4500
003 01
005 20251027201533.0
008 0714s1973 ag 01
040 _aAR-BaBN
_bspa
_cAR-BaBN
_eaacr
_dRIC
082 _a227.6000 W58
100 _aWhite, Wilbert W.
_95936
245 _aTen Studies in Paul's Letter to the Philippians
250 _a1 ed.
260 _aNY :
_bHackney and Moale Co.,
_cn.f.
300 _a32 p.
500 _asobre Filipenses
650 _aBiblia-Nuevo Testamento-Filipenses
_94018
650 _aFilipenses
942 _cBK
999 _c9967
_d9967